000 01529cam a22003737a 4500
999 _c7056
_d7056
001 15234076
003 OSt
005 20210831101317.0
008 080326s2008 enka b 001 0 eng
010 _a 2008272097
015 _aGBA783986
_2bnb
016 7 _a014100635
_2Uk
020 _a9780521875004 (hbk.)
020 _a0521875005 (hbk.)
035 _a(OCoLC)ocn171110404
040 _aUKM
_cDDC
_dYDXCP
_dBTCTA
_dBAKER
_dFCM
_dDLC
042 _aukblsr
_alccopycat
050 0 0 _aQH491
_b.E966 2008
082 0 4 _a576.8EVO2008
100 _aMinelli,Alessandro;Fusco,Giuseppe
_914528
245 0 0 _aEvolving pathways :
_bkey themes in evolutionary developmental biology /
_cedited by Minelli,Alessandro and Fusco,Giuseppe;
260 _aCambridge ;
_aNew York :
_bCambridge University Press,
_c2008.
300 _axviii, 426 p. :
_bill. ;
_c24 cm.
504 _aIncludes bibliographical references and index.
650 0 _aBiology.
_95602
700 1 _aFusco, Giuseppe.
_914529
700 1 _aMinelli, Alessandro.
_914008
856 4 2 _3Contributor biographical information
_uhttp://www.loc.gov/catdir/enhancements/fy0827/2008272097-b.html
856 4 2 _3Publisher description
_uhttp://www.loc.gov/catdir/enhancements/fy0827/2008272097-d.html
856 4 1 _3Table of contents only
_uhttp://www.loc.gov/catdir/enhancements/fy0827/2008272097-t.html
906 _a7
_bcbc
_ccopycat
_d2
_encip
_f20
_gy-gencatlg
942 _2ddc
_cO_SHELF